Alternatívy riešení rekonštrukcií objektov pre hovädzí dobytok

Bibliographic Details
Main Authors: Mihina, Štefan, 1950-2021 (Author), Brestenský, Vojtech (Author), Sklenár, Dalibor (Author)
Corporate Author: Výskumný ústav živočíšnej výroby (Nitra, Slovensko) (vyd)
Format: Book
Language:Slovak
PhysicalDescription:141 s. sch. 24 cm
Published: Nitra Informa 1998
ISBN:8096770039
Series:Publikácia VÚŽV
Subjects:

MARC

LEADER 00000nam a2200000 a 4500
001 vtls001380180
003 SK-MaSNL
005 20260301161350.0
008 251113s1998 xo r slo
015 |a SNBA2000/03-00793 
020 |a 8096770039 
035 |a SNK000334166 
035 |a urn:nbn:sk:snk-amkkia 
035 |a urn:nbn:sk:snk-am003apc 
035 |a A35287CA-64CF-494D-BA64-AE89BCB5AE68 
040 |a SNK  |b slo  |c SNK  |e AACR2 
041 0 |a slo 
044 |a xo  |c SK 
080 |a 636.2.08  |2 1981 
100 1 |a Mihina, Štefan,  |d 1950-2021  |4 aut  |9 232161 
245 1 0 |a Alternatívy riešení rekonštrukcií objektov pre hovädzí dobytok  |c Š. Mihina, V. Brestenský, D. Sklenár 
260 |a Nitra  |b Informa  |c 1998 
300 |a 141 s.  |b sch.  |c 24 cm 
490 1 |a Publikácia VÚŽV  |v 1/1998 
500 |a Vyd. Výskumný ústav živočíšnej výroby v Nitre 
500 |a 1000 výt. 
650 0 7 |a dobytok hovädzí  |x ustajnenie  |x chov  |x štúdie  |2 SNK  |9 524275 
655 7 |a príručky  |2 SNK  |9 74364 
700 1 |a Brestenský, Vojtech  |4 aut  |9 7450 
700 1 |a Sklenár, Dalibor  |4 aut  |9 524276 
710 2 |a Výskumný ústav živočíšnej výroby (Nitra, Slovensko)  |4 vyd  |9 32792 
830 0 |a Publikácia VÚŽV  |9 524277 
919 |a 80-967700-3-9 
958 |a OND 
958 |a TL 
999 |c 809139  |d 811069 
952 |t P60, <03>, [BOOK], {603}  |a SNK  |b SNK  |y PREZ  |7 0  |p 17A0222849  |o snkSC 100454  |i snkKSP 203/2000  |0 0  |1 0  |4 0  |d 2000-01-07  |f 1  |l 0  |r 2025-09-19 00:00:00  |w 2026-02-24 
952 |t P60, <04>, [BOOK], {604}  |a SNK  |b SNK  |y VYP  |7 0  |p 17A0222850  |o snkSC 100454 D1  |i snkKSP 204/2000  |0 0  |1 0  |4 0  |d 2000-01-07  |l 0  |r 2005-01-02 00:00:00  |w 2026-02-24